| 000 | 00457nam a22001697a 4500 | ||
|---|---|---|---|
| 003 | OSt | ||
| 008 | 250221b |||||||| |||| 00| 0 eng d | ||
| 020 | _a0-07-451587-X | ||
| 041 | _aeng | ||
| 082 |
_a621.3 _bDHO/BA |
||
| 100 |
_aDhogal, PS _97209 |
||
| 245 | _aBasic Electrical Engineering with Numerical Problems Volume 11 | ||
| 250 | _a15th Reprint | ||
| 260 |
_aNew Delhi: _bTata McGraw-Hill Publishing Co Ltd, _c1999. |
||
| 300 | _a466p. | ||
| 942 | _cBK | ||
| 999 |
_c19427 _d19427 |
||